000 00489nam a2200157 i 4500
001 146792
003 ES-MaACL
005 20230906201655.0
007 t|
008 070917s1965 sp ||||1| spa d
100 1 _aTriolaire, Guy.
_9111455
245 1 0 _aCostes de la distribución y formación de los precios /
_cGuy Triolaire ; [traducción Jaime Gil Aluja].
260 _a[Barcelona :
_bSagitario,
_c1965]
300 _aXVI, 229 p. ;
_c22 cm.
852 _aES-MaACL
_jC-29263
_bR.58206
999 _c146792
_d146792